[Event "4NCL Division 2b"]
[Site "Birmingham, ENG ENG"]
[Date "2016.01.24"]
[Round "4.251"]
[White "Richardson, John R"]
[Black "Ward, Chris G"]
[Result "0-1"]
[WhiteElo "2320"]
[BlackElo "2431"]
[EventDate "2016.01.24"]
[PlyCount "56"]
[WhiteTeam "The AD's"]
[BlackTeam "KJCA Kings"]

1.d4 Nf6 2.c4 c5 3.d5 a6 4.Nf3 b5 5.g3 e6 6.Bg2 exd5 7.cxd5 d6 8.O-O Nbd7 
9.e4 Ne5 10.Nh4 c4 11.Be3 Be7 12.a4 Nfg4 13.Bd4 Bxh4 14.gxh4 Qxh4 15.h3 
Nf6 16.f4 Nd3 17.Qf3 Ne1 18.Qa3 Nxg2 19.Qxd6 Ne3 20.Qc6+ Nd7 21.Bxe3 Qg3+ 
22.Kh1 Qxh3+ 23.Kg1 Qg3+ 24.Kh1 Qh3+ 25.Kg1 Qxe3+ 26.Rf2 Rb8 27.Nd2 O-O 
28.a5 Nf6 0-1

[Event "4NCL Division 2b"]
[Site "Birmingham, ENG ENG"]
[Date "2016.01.24"]
[Round "4.252"]
[White "Harakis, Alexis M"]
[Black "Rich, Mark C"]
[Result "1-0"]
[WhiteElo "2251"]
[BlackElo "2260"]
[EventDate "2016.01.24"]
[PlyCount "47"]
[WhiteTeam "KJCA Kings"]
[BlackTeam "The AD's"]

1.d4 d6 2.c4 e5 3.d5 f5 4.e4 Nf6 5.Nc3 Be7 6.exf5 Bxf5 7.Bd3 Qd7 8.Bxf5 
Qxf5 9.Qf3 Qxf3 10.Nxf3 Na6 11.O-O c6 12.dxc6 bxc6 13.b3 Nc7 14.Ba3 Ne6 
15.c5 e4 16.cxd6 Bxd6 17.Bxd6 exf3 18.Rfe1 Kf7 19.gxf3 Nd4 20.Re7+ Kg6 21.
Kh1 Nxf3 22.Re3 Ng5 23.Rg1 h5 24.h3 1-0

[Event "4NCL Division 2b"]
[Site "Birmingham, ENG ENG"]
[Date "2016.01.24"]
[Round "4.253"]
[White "Snape, Ian L"]
[Black "Sathyanandha, Saravanan"]
[Result "1-0"]
[WhiteElo "2245"]
[BlackElo "2154"]
[EventDate "2016.01.24"]
[PlyCount "31"]
[WhiteTeam "The AD's"]
[BlackTeam "KJCA Kings"]

1.e4 e6 2.d4 d5 3.Nc3 Nf6 4.e5 Nfd7 5.f4 c5 6.Nf3 Nc6 7.Be3 a6 8.Qd2 Be7 
9.dxc5 Nxc5 10.O-O-O b5 11.Qf2 b4 12.Nxd5 Nd4 13.Nxe7 Qa5 14.Bxd4 Ne4 15.
Qe3 Bb7 16.Bd3 1-0

[Event "4NCL Division 2b"]
[Site "Birmingham, ENG ENG"]
[Date "2016.01.24"]
[Round "4.254"]
[White "Anilkumar, Anantha P"]
[Black "Swindells, Jonathan E"]
[Result "0-1"]
[WhiteElo "2024"]
[BlackElo "2260"]
[PlyCount "102"]
[EventDate "2016.01.24"]
[WhiteTeam "KJCA Kings"]
[BlackTeam "The AD's"]

1. d4 Nf6 2. c4 g6 3. Nc3 Bg7 4. e4 d6 5. Nge2 O-O 6. Ng3 c5 7. d5 e6 8. Be2
exd5 9. cxd5 Re8 10. Bg5 h6 11. Be3 Nbd7 12. Qd2 h5 13. Bg5 a6 14. a4 Qa5 15.
O-O Qb4 16. a5 b5 17. axb6 Nxb6 18. Bh6 h4 19. Bxg7 Kxg7 20. Nf5+ Bxf5 21. exf5
Ne4 22. Qc2 Nxc3 23. bxc3 Qe4 24. Bd3 Qxd5 25. c4 Qd4 26. Rab1 Rab8 27. fxg6 f6
28. Rfe1 Nd7 29. Rxe8 Rxe8 30. Qd1 Re7 31. Qh5 Nf8 32. Qf5 a5 33. g3 h3 34. Qd5
Qxd5 35. cxd5 Nxg6 36. f4 Re3 37. Bf5 a4 38. Ra1 a3 39. Kf2 Rb3 40. Bxh3 Nxf4
41. Bf1 Nxd5 42. Bc4 Rb2+ 43. Kf3 Nb6 44. Be6 Rxh2 45. Rxa3 c4 46. Ke3 Kg6 47.
Kd4 Rd2+ 48. Ke3 Rd1 49. Ra6 Nd5+ 50. Ke2 Nc3+ 51. Ke3 Rd3+ 0-1

[Event "4NCL Division 2b"]
[Site "Birmingham, ENG ENG"]
[Date "2016.01.24"]
[Round "4.255"]
[White "Anderton, David W"]
[Black "Golding, James"]
[Result "1/2-1/2"]
[WhiteElo "2162"]
[BlackElo "1929"]
[EventDate "2016.01.24"]
[PlyCount "64"]
[WhiteTeam "The AD's"]
[BlackTeam "KJCA Kings"]

1.d4 d5 2.c4 e6 3.Nc3 c5 4.cxd5 cxd4 5.Qa4+ Bd7 6.Qxd4 exd5 7.Qxd5 Nc6 8.
Nf3 Nf6 9.Qb3 Bc5 10.e3 Qe7 11.Be2 h6 12.O-O O-O-O 13.Rd1 g5 14.Nd4 g4 15.
a3 h5 16.Qc2 Kb8 17.b4 Bb6 18.Bb2 h4 19.Nxc6+ Bxc6 20.Rxd8+ Rxd8 21.Rd1 
Rg8 22.Qd3 g3 23.hxg3 hxg3 24.Qd6+ Qxd6 25.Rxd6 gxf2+ 26.Kxf2 Rxg2+ 27.Ke1
Ng4 28.Nd5 Bxd5 29.Rxd5 Nxe3 30.Rd7 f5 31.Rf7 Kc8 32.Be5 Rg8 1/2-1/2

[Event "4NCL Division 2b"]
[Site "Birmingham, ENG ENG"]
[Date "2016.01.24"]
[Round "4"]
[White "Hand, Freddie"]
[Black "Wheeler, Darren P"]
[Result "0-1"]
[WhiteElo "1878"]
[BlackElo "2215"]
[PlyCount "118"]
[EventDate "2016.01.24"]
[WhiteTeam "KJCA Kings"]
[BlackTeam "The AD's"]

1. d4 e6 2. c4 Nf6 3. Nc3 Bb4 4. e3 c5 5. Nge2 cxd4 6. exd4 O-O 7. a3 Be7 8.
Nf4 d5 9. cxd5 exd5 10. Bd3 Nc6 11. O-O Re8 12. Be3 Be6 13. Bb1 Qd7 14. Ba2 Bd6
15. Qd2 Rad8 16. Rfe1 Bb8 17. Nfe2 Ne4 18. Nxe4 dxe4 19. Bxe6 Rxe6 20. Rad1 Ne7
21. Bf4 Nd5 22. Bxb8 Rxb8 23. Nf4 Ree8 24. Nxd5 Qxd5 25. Re3 Rbc8 26. Rg3 f5
27. h4 Re6 28. h5 h6 29. Rc1 Rxc1+ 30. Qxc1 Rc6 31. Qd2 Kh7 32. Qf4 Rc4 33. Kh2
Rxd4 34. Qc7 Qd7 35. Qe5 Rc4 36. b3 Rc6 37. f3 exf3 38. Rxf3 Rf6 39. Kh3 Qf7
40. Kh4 Qd7 41. Qc5 Rf7 42. Qc4 b5 43. Qd3 Qe7+ 44. Kg3 Qg5+ 45. Kf2 Qxh5 46.
Qxb5 Qh4+ 47. Kf1 Qe4 48. Qc4 Qxc4+ 49. bxc4 Kg6 50. Ke2 f4 51. Kd3 Kf5 52. Kd4
Rd7+ 53. Kc5 g5 54. Kc6 Rd2 55. c5 g4 56. Rf1 Rxg2 57. Kb7 Rc2 58. c6 g3 59. c7
g2 0-1

[Event "4NCL Division 2b"]
[Site "Birmingham, ENG ENG"]
[Date "2016.01.24"]
[Round "4.257"]
[White "Besedin, Pavel"]
[Black "Anbukumar, Hajane"]
[Result "0-1"]
[WhiteElo "2237"]
[BlackElo "1902"]
[EventDate "2016.01.24"]
[PlyCount "36"]
[WhiteTeam "The AD's"]
[BlackTeam "KJCA Kings"]

1.e4 e5 2.Nf3 Nc6 3.Bb5 a6 4.Bxc6 dxc6 5.O-O Bd6 6.d4 Bg4 7.dxe5 Bxf3 8.
Qxf3 Bxe5 9.Nd2 Nf6 10.Nc4 Qe7 11.Qf5 Bd4 12.c3 Ba7 13.Bf4 O-O 14.Rfe1 
Rfe8 15.Nd2 Rad8 16.e5 Nd5 17.Nf3 Qe6 18.Qe4 f5 0-1

[Event "4NCL Division 2b"]
[Site "Birmingham, ENG ENG"]
[Date "2016.01.24"]
[Round "4.258"]
[White "Verma, Aditya"]
[Black "Anderton, Doreen"]
[Result "1-0"]
[WhiteElo "1811"]
[BlackElo "1540"]
[EventDate "2016.01.24"]
[PlyCount "87"]
[WhiteTeam "KJCA Kings"]
[BlackTeam "The AD's"]

1.e4 c5 2.Nf3 Nc6 3.d4 cxd4 4.Nxd4 g6 5.Be3 Bg7 6.c4 Nf6 7.Nc3 O-O 8.h3 
Qa5 9.Nb3 Qc7 10.Rc1 a6 11.Nd5 Qe5 12.f3 Nxd5 13.cxd5 Nd8 14.Bd3 Qg3+ 15.
Kf1 Qd6 16.g4 b6 17.Kg2 Bxb2 18.Rc2 Ba3 19.Qa1 f6 20.Nd2 b5 21.Nb1 Nb7 22.
Qd4 b4 23.Nd2 a5 24.Nc4 Qc5 25.Qxc5 Nxc5 26.Bxc5 b3 27.Nxa3 bxc2 28.Bxe7 
Re8 29.Bxf6 Kf7 30.Bd4 Rb8 31.Nxc2 d6 32.Na3 Bd7 33.Nc4 Ke7 34.e5 dxe5 35.
Bxe5 Bb5 36.Bxb8 Rxb8 37.Nxa5 Kd6 38.Bxb5 Kxd5 39.Bc4+ Kc5 40.Bb3 Re8 41.
f4 Re3 42.Nc4 Rd3 43.f5 gxf5 44.gxf5 1-0

[Event "4NCL Division 2b"]
[Site "Birmingham, ENG ENG"]
[Date "2016.01.24"]
[Round "4.261"]
[White "Buckley, David E"]
[Black "Spencer, Carl J"]
[Result "1-0"]
[WhiteElo "2266"]
[BlackElo "2132"]
[EventDate "2016.01.24"]
[PlyCount "57"]
[WhiteTeam "Downend & Fishponds"]
[BlackTeam "Cambridge University 2"]

1.e4 e6 2.d4 d5 3.Nd2 Nf6 4.e5 Nfd7 5.Bd3 c5 6.c3 Nc6 7.Ne2 cxd4 8.cxd4 f6
9.Nf4 Nxd4 10.Qh5+ Ke7 11.exf6+ Nxf6 12.Ng6+ hxg6 13.Qxh8 Kf7 14.Qh4 e5 
15.Nf3 Nxf3+ 16.gxf3 Bf5 17.Bxf5 gxf5 18.Bg5 Rc8 19.O-O Rc4 20.Qh3 Qd7 21.
Rac1 Rb4 22.Rc2 Rb6 23.Rfc1 Ne8 24.Qh5+ g6 25.Qh7+ Bg7 26.Rc8 Re6 27.Rd8 
Qa4 28.Rc7+ Nxc7 29.Qg8# 1-0

[Event "4NCL Division 2b"]
[Site "Birmingham, ENG ENG"]
[Date "2016.01.24"]
[Round "4.262"]
[White "Karayiannis, Costas"]
[Black "Duncanson, Henry G"]
[Result "1/2-1/2"]
[WhiteElo "2158"]
[BlackElo "2305"]
[EventDate "2016.01.24"]
[PlyCount "65"]
[WhiteTeam "Cambridge University 2"]
[BlackTeam "Downend & Fishponds"]

1.d4 Nf6 2.c4 g6 3.Nc3 d5 4.Nf3 Bg7 5.Qb3 dxc4 6.Qxc4 O-O 7.e4 c6 8.Be2 
Nbd7 9.O-O Nb6 10.Qd3 Be6 11.Rd1 Qc7 12.h3 Rad8 13.Be3 h6 14.b3 Qc8 15.Bf1
Rfe8 16.Rac1 Qb8 17.Qd2 g5 18.e5 Nh7 19.Bd3 Qc8 20.Qc2 Nf8 21.Ne2 Nd5 22.
Bd2 Ng6 23.Nxg5 hxg5 24.Bxg6 fxg6 25.Qxg6 Bf7 26.Qxg5 Qe6 27.f4 Qg6 28.f5 
Qxg5 29.Bxg5 Nf6 30.Ng3 Nh7 31.Be3 Bd5 32.Nh5 Bh8 33.g4 1/2-1/2

[Event "4NCL Division 2b"]
[Site "Birmingham, ENG ENG"]
[Date "2016.01.24"]
[Round "4.263"]
[White "Russell, Christopher"]
[Black "Churm, Rohan M"]
[Result "1-0"]
[WhiteElo "2088"]
[BlackElo "2138"]
[EventDate "2016.01.24"]
[PlyCount "59"]
[WhiteTeam "Downend & Fishponds"]
[BlackTeam "Cambridge University 2"]

1.e4 e6 2.d4 d5 3.Nc3 Bb4 4.e5 c5 5.a3 Ba5 6.b4 cxd4 7.Nb5 Bc7 8.f4 Nc6 9.
Nf3 Nge7 10.Bd3 Nf5 11.Bxf5 exf5 12.O-O Be6 13.Bb2 O-O 14.Qd3 Bb6 15.Kh1 
Qd7 16.Nfxd4 Nxd4 17.Bxd4 Bxd4 18.Nxd4 Rfc8 19.Rad1 Qa4 20.Nxf5 Bxf5 21.
Qxf5 Qxa3 22.Rxd5 Qxb4 23.Rd7 Qc4 24.Rfd1 b5 25.h4 a5 26.R1d5 Rf8 27.h5 h6
28.e6 fxe6 29.Rxg7+ Kxg7 30.Rd7+ 1-0

[Event "4NCL Division 2b"]
[Site "Birmingham, ENG ENG"]
[Date "2016.01.24"]
[Round "4.264"]
[White "Pickard, Charles"]
[Black "Savory, Richard J"]
[Result "1/2-1/2"]
[WhiteElo "2141"]
[BlackElo "2095"]
[EventDate "2016.01.24"]
[PlyCount "38"]
[WhiteTeam "Cambridge University 2"]
[BlackTeam "Downend & Fishponds"]

1.c4 e5 2.g3 Nc6 3.Bg2 g6 4.Nc3 Bg7 5.e4 d6 6.d3 Be6 7.Be3 Qd7 8.Nd5 Nd4 
9.Bxd4 exd4 10.Nf4 Ne7 11.Nf3 Bg4 12.h3 Bxf3 13.Qxf3 c6 14.h4 h6 15.Qe2 
Qc7 16.Qd2 a5 17.b3 Qb6 18.O-O Qb4 19.Qc2 a4 1/2-1/2

[Event "4NCL Division 2b"]
[Site "Birmingham, ENG ENG"]
[Date "2016.01.24"]
[Round "4.9"]
[White "Fry, Charles A"]
[Black "Gordon-Brown, Alexander J"]
[Result "1/2-1/2"]
[WhiteElo "2093"]
[BlackElo "2043"]
[PlyCount "116"]
[EventDate "2016.01.24"]
[WhiteTeam "Downend & Fishponds"]
[BlackTeam "Cambridge University 2"]

1. e4 e6 2. d4 d5 3. Nc3 Nf6 4. Bg5 dxe4 5. Nxe4 Be7 6. Bxf6 gxf6 7. Nf3 Nd7 8.
g3 a6 9. Bg2 b5 10. Nfd2 Rb8 11. Nb3 Bb7 12. O-O Bd5 13. Re1 c6 14. Qh5 f5 15.
Nd6+ Bxd6 16. Bxd5 cxd5 17. Rxe6+ Be7 18. Rae1 Rb6 19. Rxe7+ Qxe7 20. Rxe7+
Kxe7 21. Qxf5 Nf6 22. Nc5 Rg8 23. h3 Rg6 24. g4 Kf8 25. g5 Rd6 26. h4 h6 27. f4
hxg5 28. hxg5 Nh5 29. Kf2 Rd8 30. Nd7+ Rxd7 31. Qxd7 Nxf4 32. Ke3 Ne6 33. Qc8+
Kg7 34. Qxa6 Nxd4 35. Qxg6+ Kxg6 36. Kxd4 Kxg5 37. Kxd5 f5 38. a4 bxa4 39. c4
f4 40. Ke4 Kg4 41. c5 f3 42. c6 f2 43. c7 f1=Q 44. c8=Q+ Kg3 45. Qc7+ Kg4 46.
Qd7+ Kg5 47. Qg7+ Kh5 48. Qc3 Qd1 49. Qd4 Qc2+ 50. Ke5 Qb3 51. Kd6 Kg6 52. Kc6
Kf7 53. Qf4+ Ke6 54. Qe4+ Kf6 55. Qd4+ Kf7 56. Qf4+ Ke6 57. Qe4+ Kf6 58. Qd4+
Kf7 1/2-1/2

[Event "4NCL Division 2b"]
[Site "Birmingham, ENG ENG"]
[Date "2016.01.24"]
[Round "4.266"]
[White "Robertson, J Stuart"]
[Black "Garcia-Ruiz Fuentes, Aitor"]
[Result "0-1"]
[WhiteElo "2105"]
[BlackElo "2007"]
[EventDate "2016.01.24"]
[PlyCount "40"]
[WhiteTeam "Cambridge University 2"]
[BlackTeam "Downend & Fishponds"]

1.d4 Nf6 2.c4 g6 3.Nc3 Bg7 4.e4 d6 5.Be2 O-O 6.Bg5 Na6 7.Qd2 e5 8.d5 Qe8 
9.h4 Nc5 10.f3 Nh5 11.g4 Nf4 12.Nh3 f5 13.Nxf4 exf4 14.gxf5 gxf5 15.exf5 
Bxf5 16.O-O-O Na4 17.Bxf4 Nxc3 18.bxc3 Bg6 19.Be3 Qa4 20.Kb2 Qb4+ 0-1

[Event "4NCL Division 2b"]
[Site "Birmingham, ENG ENG"]
[Date "2016.01.24"]
[Round "4.11"]
[White "French, Max"]
[Black "Gooding, Ian"]
[Result "0-1"]
[WhiteElo "1907"]
[BlackElo "2031"]
[PlyCount "96"]
[EventDate "2016.01.24"]
[WhiteTeam "Downend & Fishponds"]
[BlackTeam "Cambridge University 2"]

1. d4 d5 2. c4 c6 3. Nf3 Nf6 4. e3 Bg4 5. Nc3 e6 6. h3 Bh5 7. g4 Bg6 8. Ne5
Nbd7 9. Nxg6 hxg6 10. Bd2 Bd6 11. cxd5 exd5 12. Bg2 O-O 13. O-O Re8 14. Qb3 Nb6
15. Rfd1 Rc8 16. Rac1 Bb8 17. a4 Qc7 18. Kf1 Nc4 19. Ne2 Ne4 20. Rxc4 dxc4 21.
Qxc4 Qe7 22. Qd3 Nxd2+ 23. Rxd2 Qb4 24. Nc3 Rcd8 25. d5 Be5 26. Kg1 Bxc3 27.
Qxc3 Qxc3 28. bxc3 cxd5 29. Bxd5 Kf8 30. e4 Rxe4 31. Bxe4 Rxd2 32. Bxb7 Rc2 33.
Kg2 a5 34. Ba6 Rxc3 35. Bb5 Ke7 36. f3 g5 37. Kg3 Kd6 38. Be8 f6 39. Bb5 Kc5
40. Bd7 Kb4 41. h4 gxh4+ 42. Kxh4 Rxf3 43. Kh5 Rd3 44. Bf5 Rd4 45. Kg6 Kxa4 46.
Kxg7 Rd6 47. Kf7 Kb4 48. Ke7 Rb6 0-1

[Event "4NCL Division 2b"]
[Site "Birmingham, ENG ENG"]
[Date "2016.01.24"]
[Round "4.268"]
[White "Davis, Holden"]
[Black "Young, Daniel J"]
[Result "1/2-1/2"]
[WhiteElo "1707"]
[BlackElo "1960"]
[EventDate "2016.01.24"]
[PlyCount "52"]
[WhiteTeam "Cambridge University 2"]
[BlackTeam "Downend & Fishponds"]

1.e4 c5 2.d4 cxd4 3.c3 Nf6 4.e5 Nd5 5.Qxd4 e6 6.Nf3 Nc6 7.Qe4 f5 8.exf6 
Nxf6 9.Qe2 d5 10.g3 Bd6 11.Bg2 O-O 12.O-O e5 13.Bg5 Qe8 14.Nbd2 Bg4 15.Qb5
Be6 16.Bxf6 gxf6 17.Nb3 Qf7 18.Rad1 a6 19.Qe2 b5 20.Nh4 Rac8 21.Qd2 Ne7 
22.Rfe1 Rfd8 23.Qe2 Kh8 24.Bf3 f5 25.Bh5 Qf6 26.f4 e4 1/2-1/2

[Event "4NCL Division 2b"]
[Site "Birmingham, ENG ENG"]
[Date "2016.01.24"]
[Round "4.271"]
[White "Lewis, Andrew P"]
[Black "Farrand, Tom"]
[Result "1-0"]
[WhiteElo "2283"]
[BlackElo "2188"]
[EventDate "2016.01.24"]
[PlyCount "55"]
[WhiteTeam "Anglian Avengers 1"]
[BlackTeam "CSC Dragons [1]"]

1.Nf3 f5 2.g3 Nf6 3.Bg2 e6 4.O-O Be7 5.d4 O-O 6.c4 d6 7.Nc3 Ne4 8.Qc2 Nxc3
9.bxc3 Nc6 10.d5 Na5 11.dxe6 Bxe6 12.Nd4 Bxc4 13.Nxf5 Bf6 14.Ne3 Bf7 15.
Be4 h6 16.Rb1 c6 17.Rd1 Re8 18.c4 Qe7 19.Bf3 Qc7 20.Bd2 Rxe3 21.Bxa5 Qxa5 
22.fxe3 Qc5 23.Rxb7 Bxc4 24.Rdb1 Re8 25.Kg2 d5 26.Qg6 Qxe3 27.Rb8 Kf8 28.
Bh5 1-0

[Event "4NCL Division 2b"]
[Site "Birmingham, ENG ENG"]
[Date "2016.01.24"]
[Round "4.272"]
[White "Thompson, Ian D"]
[Black "Mayhew, Andrew"]
[Result "0-1"]
[WhiteElo "2187"]
[BlackElo "2327"]
[EventDate "2016.01.24"]
[PlyCount "62"]
[WhiteTeam "CSC Dragons [1]"]
[BlackTeam "Anglian Avengers 1"]

1.c4 b6 2.Nc3 Bb7 3.e4 e6 4.Nge2 Nf6 5.Ng3 Bb4 6.e5 Ng8 7.Qg4 Bf8 8.d4 f5 
9.Qh5+ g6 10.Qd1 Nh6 11.f4 Qh4 12.Qd3 Na6 13.a3 d6 14.exd6 Bxd6 15.Ne2 O-O
16.Bd2 c5 17.O-O-O Rac8 18.Kb1 Rfd8 19.Be1 Qe7 20.d5 exd5 21.cxd5 Nc7 22.
Nc3 Ba6 23.Qc2 b5 24.Bf2 b4 25.Bxa6 Nxa6 26.Qe2 bxc3 27.Qxa6 Rb8 28.b4 
cxb4 29.Rhe1 bxa3+ 30.Ka1 c2 31.Rc1 Qg7+ 0-1

[Event "4NCL Division 2b"]
[Site "Birmingham, ENG ENG"]
[Date "2016.01.24"]
[Round "4.273"]
[White "Talsma, Paul"]
[Black "Coates, Kenneth G"]
[Result "1-0"]
[WhiteElo "2245"]
[BlackElo "2165"]
[EventDate "2016.01.24"]
[PlyCount "83"]
[WhiteTeam "Anglian Avengers 1"]
[BlackTeam "CSC Dragons [1]"]

1.d4 d5 2.c4 c6 3.e3 Nf6 4.Bd3 e6 5.Nf3 Nbd7 6.O-O Bd6 7.Nbd2 O-O 8.e4 
dxe4 9.Nxe4 Nxe4 10.Bxe4 h6 11.b3 e5 12.Bc2 Re8 13.Re1 Bb4 14.Bd2 Bxd2 15.
Qxd2 exd4 16.Rxe8+ Qxe8 17.Re1 Qf8 18.Qxd4 Nf6 19.Ne5 Be6 20.Rd1 Qe7 21.f4
g6 22.h3 h5 23.Nf3 c5 24.Qd2 Ne8 25.f5 gxf5 26.Qh6 Rd8 27.Re1 Qf6 28.Qe3 
b6 29.Ne5 Ng7 30.Nc6 Rd7 31.Ne5 Rd6 32.Rd1 Rxd1+ 33.Bxd1 f4 34.Qe4 Qg5 35.
Nf3 Qd8 36.Be2 Qc7 37.Ng5 Qd8 38.Qh7+ Kf8 39.Qh8+ Ke7 40.Qxg7 Qd2 41.Nxe6 
Qxe2 42.Nc7 1-0

[Event "4NCL Division 2b"]
[Site "Birmingham, ENG ENG"]
[Date "2016.01.24"]
[Round "4.274"]
[White "Fegan, Chris"]
[Black "Player, Edmund C"]
[Result "0-1"]
[WhiteElo "2095"]
[BlackElo "2193"]
[EventDate "2016.01.24"]
[PlyCount "50"]
[WhiteTeam "CSC Dragons [1]"]
[BlackTeam "Anglian Avengers 1"]

1.d4 Nf6 2.e3 d5 3.Bd3 c5 4.c3 Nc6 5.Nf3 Bg4 6.h3 Bh5 7.O-O e6 8.Nbd2 Be7 
9.Qc2 Rc8 10.Ne5 c4 11.Bxc4 dxc4 12.Ndxc4 O-O 13.Nxc6 bxc6 14.b4 Bg6 15.
Qe2 Ne4 16.Bb2 f6 17.Rfe1 Qd5 18.Na5 Qb5 19.Qd1 Bd8 20.Nb3 Nd6 21.Nc5 Qc4 
22.f3 Bb6 23.Nb3 Qd3 24.g4 Qxd1 25.Raxd1 Bc2 0-1

[Event "4NCL Division 2b"]
[Site "Birmingham, ENG ENG"]
[Date "2016.01.24"]
[Round "4.19"]
[White "Moore, Graham J"]
[Black "Richardson, Keith B"]
[Result "0-1"]
[WhiteElo "2200"]
[BlackElo "2047"]
[PlyCount "174"]
[EventDate "2016.01.24"]
[WhiteTeam "Anglian Avengers 1"]
[BlackTeam "CSC Dragons [1]"]

1. e4 g6 2. d4 Bg7 3. Nc3 d6 4. Be3 a6 5. Nf3 b5 6. Qd2 Bb7 7. Bd3 Nd7 8. a4 b4
9. Nd1 a5 10. c3 bxc3 11. bxc3 Ngf6 12. Qc2 O-O 13. O-O c5 14. dxc5 Nxc5 15.
Bxc5 dxc5 16. Ne3 Qc7 17. Nc4 Nh5 18. Rfe1 Rad8 19. Rab1 Bc6 20. Nb6 e6 21. Bf1
Rb8 22. Nc4 Rxb1 23. Rxb1 Qf4 24. Nfd2 Qc7 25. g3 Rd8 26. Be2 Nf6 27. f4 Nd7
28. Nf3 e5 29. f5 gxf5 30. exf5 e4 31. Nfd2 Re8 32. Nf1 Ne5 33. Nfe3 Bh6 34.
Kf2 Nd3+ 35. Kg1 Qd7 36. Rf1 Bxa4 37. Qa2 Bb5 38. Ng4 Bg7 39. f6 Bf8 40. Nb6
Qd6 41. Nd5 c4 42. Ne7+ Bxe7 43. Nh6+ Kf8 44. fxe7+ Rxe7 45. Nf5 Qc5+ 46. Kg2
Re5 47. Nh6 Be8 48. Ng4 Re6 49. h4 Bc6 50. Qb1 Qb5 51. Ne3 a4 52. Bg4 Re5 53.
Qxb5 Bxb5 54. Nc2 e3 55. Be2 Bc6+ 56. Kg1 Ke7 57. Na3 Bd5 58. Rb1 Rf5 59. Nc2
Re5 60. Na3 Kd6 61. Nb5+ Kc5 62. Nd4 Bc6 63. Kf1 Re8 64. Ra1 Rb8 65. Nxc6 Kxc6
66. Rxa4 Kc5 67. Ra7 Rb1+ 68. Kg2 Ne1+ 69. Kf1 Nf3+ 70. Kg2 Ne5 71. Ra2 Rc1 72.
Ra5+ Kd6 73. Ra6+ Ke7 74. Ra3 Kf6 75. g4 Ke6 76. Ra6+ Kd5 77. Bf3+ Kc5 78. Ra5+
Kd6 79. Ra6+ Ke7 80. Ra7+ Kf8 81. Ra3 Rc2+ 82. Kg3 e2 83. Bxe2 Rxe2 84. Kf4
Nd3+ 85. Kg5 Kg7 86. h5 h6+ 87. Kh4 Re4 0-1

[Event "4NCL Division 2b"]
[Site "Birmingham, ENG ENG"]
[Date "2016.01.24"]
[Round "4.276"]
[White "Stayt, James N"]
[Black "Bayford, Jim R"]
[Result "0-1"]
[WhiteElo "1969"]
[BlackElo "2177"]
[EventDate "2016.01.24"]
[PlyCount "70"]
[WhiteTeam "CSC Dragons [1]"]
[BlackTeam "Anglian Avengers 1"]

1.e4 e6 2.d4 d5 3.Nc3 Bb4 4.e5 Ne7 5.a3 Bxc3+ 6.bxc3 c5 7.Qg4 Qc7 8.Qxg7 
Rg8 9.Qxh7 cxd4 10.Ne2 Nbc6 11.f4 Bd7 12.Qd3 dxc3 13.Nxc3 a6 14.Rb1 Na5 
15.h4 Nf5 16.Rh3 O-O-O 17.h5 Nc4 18.Rb3 Qc5 19.Ne2 Bb5 20.Qc3 d4 21.Qb4 
Qc6 22.Ng3 Nfe3 23.Bxe3 Nxe3 24.Bxb5 axb5 25.Qd2 Nxg2+ 26.Kf2 Ne3 27.Rxe3 
dxe3+ 28.Qxe3 Qxc2+ 29.Ne2 Kb8 30.Qb6 Rd2 31.Qxb5 Qe4 32.Rf3 Qd4+ 33.Re3 
Qxf4+ 34.Rf3 Qd4+ 35.Re3 Qh4+ 0-1

[Event "4NCL Division 2b"]
[Site "Birmingham, ENG ENG"]
[Date "2016.01.24"]
[Round "4.277"]
[White "Gregory, Stephen J"]
[Black "Head, Louise"]
[Result "1/2-1/2"]
[WhiteElo "2125"]
[BlackElo "1931"]
[EventDate "2016.01.24"]
[PlyCount "78"]
[WhiteTeam "Anglian Avengers 1"]
[BlackTeam "CSC Dragons [1]"]

1.e4 c6 2.d4 d5 3.Nc3 dxe4 4.Nxe4 Bf5 5.Ng3 Bg6 6.Nf3 Nd7 7.h4 h6 8.h5 Bh7
9.Bd3 Bxd3 10.Qxd3 e6 11.Bd2 Ngf6 12.O-O-O Qc7 13.c4 O-O-O 14.Qe2 Bd6 15.
Ne4 Nxe4 16.Qxe4 Nf6 17.Qe2 Bf4 18.Kb1 Bxd2 19.Qxd2 Rhe8 20.b4 e5 21.Qc2 
exd4 22.Rh4 Qe7 23.a3 Ne4 24.Rd3 Qf6 25.Kb2 Nc3 26.Kb3 Re2 27.Qc1 Rxf2 28.
Rhxd4 Rxd4 29.Nxd4 Ne2 30.Qe3 Nxd4+ 31.Rxd4 Re2 32.Qxe2 Qxd4 33.Qe8+ Qd8 
34.Qxf7 Qd1+ 35.Kb2 Qd2+ 36.Kb3 Qd3+ 37.Kb2 Qe2+ 38.Kb3 Qe3+ 39.Kb2 Qd2+ 
1/2-1/2

[Event "4NCL Division 2b"]
[Site "Birmingham, ENG ENG"]
[Date "2016.01.24"]
[Round "4.22"]
[White "Kane, Robert"]
[Black "Sheerin, Alex"]
[Result "0-1"]
[WhiteElo "1890"]
[BlackElo "1727"]
[PlyCount "94"]
[EventDate "2016.01.24"]
[WhiteTeam "CSC Dragons [1]"]
[BlackTeam "Anglian Avengers 1"]

1. d4 Nf6 2. Nf3 g6 3. Bg5 Bg7 4. e3 O-O 5. Nbd2 d6 6. Bd3 h6 7. Bh4 Nc6 8. c4
e5 9. d5 Ne7 10. e4 g5 11. Bg3 Nh5 12. h4 g4 13. Nh2 Nxg3 14. fxg3 h5 15. Qe2
c6 16. O-O-O cxd5 17. cxd5 f5 18. Rhf1 b5 19. Qe3 f4 20. gxf4 Bh6 21. g3 Ng6
22. Kb1 exf4 23. gxf4 Bxf4 24. Rxf4 Rxf4 25. e5 Bf5 26. Bxf5 Rxf5 27. Qe4 Qf8
28. Rc1 Nxe5 29. Rc7 Rf7 30. Rc1 Qg7 31. Nhf1 Qh7 32. Qxh7+ Rxh7 33. Ne4 Rh6
34. Nfg3 Rf8 35. Rc7 Rf7 36. Rc8+ Kg7 37. Ng5 Rf2 38. N3e4 Rh2 39. Ne6+ Kg6 40.
Rg8+ Kf5 41. Nxd6+ Kf6 42. Ne4+ Ke7 43. Rg7+ Nf7 44. N6g5 Rh1+ 45. Kc2 Rf1 46.
d6+ Kf8 47. d7 Nd8 0-1

[Event "4NCL Division 2b"]
[Site "Birmingham, ENG ENG"]
[Date "2016.01.24"]
[Round "4.25"]
[White "Dunn, Andrew"]
[Black "Reid, John"]
[Result "1/2-1/2"]
[WhiteElo "2252"]
[BlackElo "2335"]
[PlyCount "136"]
[EventDate "2016.01.24"]
[WhiteTeam "North East England"]
[BlackTeam "Hackney 1"]

1. c4 Nf6 2. Nc3 g6 3. e4 d6 4. g3 Bg7 5. Bg2 O-O 6. Nge2 c5 7. O-O Nc6 8. a3
Ne8 9. Rb1 a5 10. d3 Nc7 11. Be3 Nd4 12. b4 axb4 13. axb4 b6 14. Bxd4 cxd4 15.
Na4 b5 16. Nb6 Ra3 17. Nxc8 Qxc8 18. Rc1 Qb8 19. Qd2 Qa7 20. Rfd1 Qa4 21. Rc2
bxc4 22. Rxc4 Ra2 23. Qe1 Nb5 24. Rdc1 Qb3 25. Bf1 h5 26. h4 e6 27. Qd1 Qa3 28.
R1c2 Ra1 29. Rc1 Ra2 30. R1c2 Qa4 31. Qd2 Ra1 32. Rc1 Ra3 33. Rc8 Nc3 34. Rxf8+
Kxf8 35. Qg5 Ke8 36. b5 Qxb5 37. Qxb5+ Nxb5 38. Rb1 Nc7 39. Nf4 Bh6 40. Nh3 Rc3
41. Rb4 e5 42. Rb8+ Ke7 43. Rb7 Rc2 44. Kg2 f6 45. Ng1 g5 46. Be2 g4 47. Bd1
Rc4 48. f3 Rc1 49. fxg4 Rxd1 50. g5 fxg5 51. Rxc7+ Kf6 52. Rd7 Rd2+ 53. Kf1
gxh4 54. Rxd6+ Kg7 55. Nf3 Rxd3 56. Nxh4 Bc1 57. Nf5+ Kf7 58. Rd7+ Kf6 59. Rd6+
Kg5 60. Kg2 Rd2+ 61. Kh3 Rf2 62. Nh4 Rf6 63. Rd5 Re6 64. Nf3+ Kf6 65. Kh4 Re8
66. Kxh5 Be3 67. Rd6+ Ke7 68. Rd5 Kf6 1/2-1/2

[Event "4NCL Division 2b"]
[Site "Birmingham, ENG ENG"]
[Date "2016.01.24"]
[Round "4.282"]
[White "Eames, Robert S"]
[Black "Tavoularis, Nicholas"]
[Result "1-0"]
[WhiteElo "2320"]
[BlackElo "2230"]
[EventDate "2016.01.24"]
[PlyCount "61"]
[WhiteTeam "Hackney 1"]
[BlackTeam "North East England"]

1.e4 c5 2.Nf3 Nc6 3.d4 cxd4 4.Nxd4 Nf6 5.Nc3 e5 6.Ndb5 d6 7.Bg5 a6 8.Na3 
b5 9.Bxf6 gxf6 10.Nd5 Bg7 11.Bd3 Ne7 12.Nxe7 Qxe7 13.O-O O-O 14.c4 Rb8 15.
Re1 f5 16.exf5 bxc4 17.Nxc4 d5 18.Ne3 Rd8 19.Qh5 e4 20.Ng4 Qd6 21.Bc2 Bd7 
22.Rad1 Re8 23.Bb3 Rb5 24.Re3 h6 25.Rg3 Kf8 26.f6 Bxf6 27.Bxd5 Re6 28.Nxh6
Be8 29.Rg8+ Ke7 30.Rxe8+ Kxe8 31.Qxf7+ 1-0